The culmination of Greek cartography in ptolemy

Bibliographic Details
Published in:The history of cartography, J.B. Harley and David Woodward, Chicago [etc.], P. 177-200
Main Author: Dilke, Oswald A.W.
Content type: Article
Published: 1987
Source:MPIPL_cat

MARC

LEADER 00000naa a2200000 u 4500
001 PL0053664
003 PLI01000000000000000053345
005 00000000000000.0
008 ||| u
100 1 |a Dilke, Oswald A.W. 
245 0 4 |a The culmination of Greek cartography in ptolemy  |c O.A.W Dilke with add. material supplied by the eds. 
260 |c 1987 
696 |a Dilke, Oswald Ashton Wentworth 
773 0 8 |t The history of cartography  |a J.B. Harley and David Woodward  |d Chicago [etc.]  |g P. 177-200  |w MPIPL_cat.PL0053653  |z 0-226-31633-5  |i In: 
952 |h P. 177-200 
996 |a Aufsatz 
997 |a book chapter